000 00666nam a2200133Ia 4500
008 220615s9999||||xx |||||||||||||| ||und||
022 _a16648714
100 _aKarin Kucian||Korbinian Moeller||Elise Klein||Klaus F. Willmes
245 0 _aNumerical Development - From cognitive functions to neural underpinnings
546 _aEnglish[eng]
650 _adevelopmental dyscalculia||mathematics learning disability||approximate number system||language development||spatial-numerical association||numerical development
856 _uhttp://journal.frontiersin.org/researchtopic/1207/numerical-development---from-cognitive-functions-to-neural-underpinnings
942 _cEB
999 _c16577
_d16577